|
|
|
|
| LEADER |
00841nam a22002772a 4500 |
| 001 |
000813362 |
| 003 |
CZ BrMZK |
| 005 |
20060405081823.0 |
| 007 |
ta |
| 008 |
060405s1988 pl er|||||||||||pol d |
| 040 |
|
|
|a BOA001
|b cze
|
| 041 |
1 |
|
|a pol
|h eng
|
| 080 |
9 |
|
|a 159.955
|
| 100 |
1 |
|
|a Dewey, John,
|d 1859-1952
|7 jn20000601324
|4 aut
|
| 245 |
1 |
0 |
|a Jak myślimy? /
|c Joh Dewey
|
| 250 |
|
|
|a 1. wyd.
|
| 260 |
|
|
|a Warszawa :
|b Państwowe Wydawnictwo Naukowe,
|c 1988
|
| 300 |
|
|
|a 275 s.
|
| 490 |
1 |
|
|a Biblioteka klasyków psychologii
|
| 500 |
|
|
|a Přeloženo z angličtiny
|
| 765 |
0 |
|
|t How we think?
|9 Polsky
|
| 830 |
|
0 |
|a Biblioteka klasyków psychologii
|
| 910 |
|
|
|a BOA001
|b PK-0109.325
|
| 964 |
|
|
|a Myšlení - psychologie
|
| 990 |
|
|
|a BK
|
| 996 |
7 |
|
|b 3119679145
|c PK-0109.325
|l MZK
|r Sklad / do 1 hodiny
|n 2
|w 000813362
|u 000010
|a 1
|e BOA001
|j MZK50
|s A
|